Schaum's outline of theory and problems of basic circuit analysis (E-book) (Record no. 192129)
[ view plain ]
| 000 -LEADER | |
|---|---|
| fixed length control field | 01752 a2200289 4500 |
| 003 - CONTROL NUMBER IDENTIFIER | |
| control field | Nust |
| 005 - DATE AND TIME OF LATEST TRANSACTION | |
| control field | 20170207154030.0 |
| 020 ## - INTERNATIONAL STANDARD BOOK NUMBER | |
| International Standard Book Number | 0-07-047824-4 |
| 040 ## - CATALOGING SOURCE | |
| Transcribing agency | Nust |
| 082 0# - DEWEY DECIMAL CLASSIFICATION NUMBER | |
| Classification number | 621.319 2 |
| 082 0# - DEWEY DECIMAL CLASSIFICATION NUMBER | |
| Classification number | 621.319 2 |
| 082 0# - DEWEY DECIMAL CLASSIFICATION NUMBER | |
| Classification number | 621.319 |
| Author Mark | 2 |
| 100 1# - MAIN ENTRY--PERSONAL NAME | |
| Personal name | O'Malley, John |
| 245 00 - TITLE STATEMENT | |
| Title | Schaum's outline of theory and problems of basic circuit analysis (E-book) |
| Statement of responsibility, etc. | John O'Mally |
| 246 14 - VARYING FORM OF TITLE | |
| Title proper/short title | Basic circuit analysis. |
| 246 14 - VARYING FORM OF TITLE | |
| Title proper/short title | Basic circuit analysis. |
| 250 ## - EDITION STATEMENT | |
| Edition statement | 2. ed. |
| 260 ## - PUBLICATION, DISTRIBUTION, ETC. | |
| Place of publication, distribution, etc. | New York : |
| Name of publisher, distributor, etc. | McGraw-Hill, |
| Date of publication, distribution, etc. | cop. 1992 |
| 300 ## - PHYSICAL DESCRIPTION | |
| Extent | ix, 419 s. : |
| Other physical details | ill. ; |
| Dimensions | 28 cm. |
| 490 0# - SERIES STATEMENT | |
| Series statement | Schaum's outline series |
| 505 ## - FORMATTED CONTENTS NOTE | |
| Formatted contents note | Chapter 1 BASIC CONCEPTS (Page-1) Chapter 2 RESISTANCE(Page-17) Chapter 3 SERIES AND PARALLEL DC CIRCUITS(Page-31) Chapter 4 DC CIRCUIT ANALYSIS(Page-54) Chapter 5 DC EQUIVALENT CIRCUITS. NETWORK THEOREMS. ANDBRIDGE CIRCUITS(Page-82) Chapter 6 OPERATIONAL-AMPLIFIER CIRCUITS(Page-112) Chapter 7 PSPICE DC CIRCUIT ANALYSIS(Page-136) Chapter 6 CAPACITORS AND CAPACITANCE .(Page-153) Chapter 9 INDUCTORS. INDUCTANCE. AND PSPICE TRANSIENT ANALYSIS(Page-174) Chapter 10 SINUSOIDAL ALTERNATING VOLTAGE AND CURRENT(Page-194) Chapter 11 COMPLEX ALGEBRA AND PHASORS .(Page-217) Chapter 12 BASIC AC CIRCUIT ANALYSIS. IMPEDANCE. AND ADMITTANCE(Page-232) Chapter 13 MESH. LOOP. NODAL. AND PSPICE ANALYSES OF AC CIRCUITS(Page-265) Chapter 14 AC EQUIVALENT CIRCUITS. NETWORK THEOREMS. AND BRIDGE CIRCUITS(Page-294) Chapter 15 POWER IN AC CIRCUITS(Page-324) Chapter 16 TRANSFORMERS(Page-349) Chapter 17 THREE-PHASE CIRCUITS(page-384) |
| 650 #0 - SUBJECT ADDED ENTRY--TOPICAL TERM | |
| Topical term or geographic name entry element | Electric circuit analysis |
| 650 #0 - SUBJECT ADDED ENTRY--TOPICAL TERM | |
| Topical term or geographic name entry element | Electric circuits |
| 650 #0 - SUBJECT ADDED ENTRY--TOPICAL TERM | |
| Topical term or geographic name entry element | Elektronik ; Integrerade kretsar |
| 651 ## - SUBJECT ADDED ENTRY--GEOGRAPHIC NAME | |
| Geographic name | (E-Book) |
| 740 0# - ADDED ENTRY--UNCONTROLLED RELATED/ANALYTICAL TITLE | |
| Uncontrolled related/analytical title | Theory and problems of basic circuit analysis |
| 942 ## - ADDED ENTRY ELEMENTS (KOHA) | |
| Source of classification or shelving scheme | |
| Koha item type | Book |
| Withdrawn status | Lost status | Source of classification or shelving scheme | Damaged status | Not for loan | Collection code | Permanent Location | Current Location | Date acquired | Total Checkouts | Full call number | Barcode | Date last seen | Price effective from | Koha item type |
|---|---|---|---|---|---|---|---|---|---|---|---|---|---|---|
| Military College of Signals (MCS) | Military College of Signals (MCS) | 12/12/2016 | 621.319 2 | MCSEB-1161 | 12/08/2016 | 12/12/2016 | Book |
